TOP personnages BLEACH - Statistiques

Statistiques générales
  • Ce quiz a été pris 108 fois
  • Le résultat moyen est 61 sur 157
Statistiques - réponses
Hint Réponse % Correct
Hybride Ichigo Kurosaki
98%
Humain Inoue Orihime
92%
Shinigami Rukia Kuchiki
90%
Quincy Uryu Ishida
87%
Humain Yasutora Sado
87%
Ame Artificiel Kon
84%
Zanpakuto Zangetsu
79%
Capitaine Aizen Sosuke
78%
Vice-Capitaine Renji Abarai
76%
Capitaine Gin Ichimaru
73%
Capitaine Général Genryusai Shigekuni Yamamoto
71%
Espada Grimmjow Jaggerjack
70%
Shinigami Isshin Kurosaki
70%
Capitaine Zaraki Kenpachi
70%
Capitaine Byakuya Kuchiki
68%
Capitaine Hitsugaya Toshiro
68%
Shinigami Urahara Kisuke
68%
Capitaine Soi Fon
67%
Capitaine Unohana Retsu
67%
Capitaine Jushiro Ukitake
65%
Espada Ulquiorra Cifer
65%
Vizard Shinji Hirako
63%
Espada Stark Coyote
63%
Capitaine Kaname Tosen
62%
Humain Karin Kurosaki
62%
Vice-Capitaine Rangiku Matsumoto
62%
Capitaine Shunsui Kyoraku
62%
Shinigami Yoruichi Shihoin
62%
Capitaine Mayuri Kurotsuchi
60%
Arrancar Nelliel Tu Odelschwanck
60%
Lieutenant Madarame Ikkaku
59%
Capitaine Sajin Komamura
57%
Espada Tier Halibel
57%
Sternritter Bazz-B
56%
Vizard Lisa Yadomaru
56%
Espada Nnoitra Gilga
56%
Human Yuzu Kurosaki
56%
Division 0 Ichibei Hyosube
54%
Vice-Capitaine Momo Hinamori
54%
Quincy Ryuken Ishida
54%
Roi des Quincy Yhwach
54%
Espada Baraggan Louisenbairn
52%
Quincy Masaki Kurosaki
52%
Vice-Capitaine Nanao Ise
52%
Espada Szayelaporro Granz
52%
Fullbringer Kugo Ginjo
51%
Vice-Capitaine Yachiru Kusajishi
51%
Sternritter Jugram Haschwalth
49%
Vizard Love Aikawa
49%
Espada Yammy Riyalgo
49%
Espada Aaroniero Arruruerie
48%
Vice-Capitaine Nemu Kurotsuchi
48%
Vizard Rojuro Otoribashi
48%
Vice-Capitaine Shuhei Hisagi
46%
Vice-Capitaine Marechiyo Omaeda
44%
Vice-Capitaine Isane Kotetsu
43%
Vice-Capitaine Izuru Kira
43%
Fullbringer Riruka Dokugamine
43%
Division 0 Senjumaru Shutara
43%
Espada Zommari Rureaux
43%
Sternritter Askin Nakk Le Vaar
41%
Sternritter Bambietta Basterbine
41%
Sternritter Gerard Valkyrie
41%
Shinigami Ichika Abarai
41%
Sternritter Pernida Parnkgjas
41%
Lieutenant Yumichika Ayasegawa
41%
Hollow Grand Fisher
40%
Vizard Hiyori Sarugaki
40%
Vizard Kensei Muguruma
40%
Division 0 Oetsu Nimaiya
40%
Vice-Capitaine Chojiro Sasakibe
38%
Shinigami Hanataro Yamada
38%
Vizard Mashiro Kuna
38%
Ame Ganju Shiba
37%
Sternritter Giselle Gewelle
37%
Sternritter Lille Barro
37%
Arrancar Pesche Guatiche
37%
Shinigami Ryūnosuke Yuki
37%
Humain Tatsuki Arisawa
37%
Fullbringer Tsukishima Shukuro
37%
Sternritter Gremmy Thoumeaux
35%
Vizard Hachigen Ushoda
35%
Vice-Capitaine Iba Tetsuzaemon
35%
Humain Keigo Asano
35%
Arrancar Dondochakka Birstanne
33%
Sternritter James
33%
Shinigami Tessai Tsukabishi
33%
Shinigami Kaien Shiba
32%
Fullbringer Yukio Hans Vorarlberna
32%
Lieutenant Akon
30%
Sternritter As Nodt
30%
Fullbringer Jackie Tristan
30%
Division 0 Kirio Hikifune
30%
Sternritter Candice Catnipp
29%
Ame Kukaku Shiba
29%
Humain Mizuiro Kojima
29%
Division 0 Tenjirô Kirinji
29%
Humain Artificiel Ururu Tsumugiya
29%
Sternritter Quilge Opie
27%
Fullbringer Shishigawara Moe
27%
Humain Artificiel Jinta Hanakari
25%
Lieutenant Kiyone Kotetsu
25%
Sternritter Liltotto Lamperd
25%
Sternritter Meninas McAllon
25%
Arrancar Dordonii Alessandro Del Socacchio
24%
Arrancar Franceska Mila Rose
24%
Sternritter NaNaNa Najahkoop
24%
Sternritter PePe Waccabrada
24%
Sternritter Royd Lloyd
24%
Arrancar Tesra Lindocruz
24%
Sternritter BG9
22%
Arrancar Charlotte Cuuhlhourne
22%
Arrancar Ggio Vega
22%
Fullbringer Giriko Kutsuzawa
22%
Hybride Kazui Kurosaki
22%
Arrancar Luppi Antenor
22%
Lieutenant Okikiba Genshiro
22%
Sternritter Cang Du
21%
Humain Chizuru Honsho
21%
Humain Don Kanonji
21%
Gardien Jidanbo Ikkanzaka
21%
Arrancar Lilynette Gingerback
21%
Sternritter Loyd Lloyd
21%
Lieutenant Sentaro Kotsubaki
21%
Arrancar Wonderweiss Margela
21%
Sternritter Berenice Gabrielli
19%
Arrancar Di Roy Rinker
19%
Sternritter Driscoll Berci
19%
Arrancar Findorr Calius
19%
Sternritter Robert Accutrone
19%
Arrancar Shawlong Koufang
19%
Arrancar Abirama Redder
17%
Fullbringer Aura Michibane
17%
Arrancar Loly Aivirrne
17%
Shinigami Tokinada Tsunayashiro
17%
Arrancar Ylfordt Granz
17%
Arrancar Cirucci Sanderwicci
16%
Arrancar Cyan Sung-Sun
16%
Arrancar Edrad Liones
16%
Arrancar Emilou Apacci
16%
Sternritter Jerome Guizbatt
16%
Arrancar Menoly Mallia
16%
Sternritter Nianzol Weizol
16%
Shinigami Sōya Azashiro
16%
Hollow Ayon
14%
Arrancar Choe Neng Poww
14%
Arrancar Gantenbainne Mosqueda
14%
Arrancar Nakeem Grindina
14%
Humain Ikumi Unagiya
13%
Hybride Hikone Ubuginu
11%
Shinigami Kenpachi Kuruyashiki
11%
Sternritter Shaz Domino
11%
Shinigami Shino Madarame
11%
Shinigami Seinosuke Yamada
10%
Hollow Ikomikidomoe
8%
Shinigami Kenpachi Kiganjô
8%
Shinigami Yûshirô Shihôin
2%
Aucun quiz correspondant
Distribution des résultats
% des personnes avec chaque résultat
Percentile par nombre de réponses
Votre historique - résultats
Vous n’avez pas pris ce quiz